000 00300nam a22001457a 4500
003 SGT
020 _a9788120343146
082 _bMCG
100 _aMC GRATH E.H
245 _aBASIC MANAGERIAL SKILLS FOR ALL
250 _a9TH
260 _bPHI LEARNING
_c2018
300 _a812
942 _2ddc
_cBK
999 _c16363
_d16363